000 00468nam a2200169 a 4500
001 6364
005 20180713190222.0
008 140415s1991 mx 000 0 spa d
020 _a9681321731
041 _aspa
082 _a335
_bPAZ
100 1 _aPAZOS, LUIS
245 1 0 _aDEL SOCIALISMO AL MERCADO :
_bLAS ENSEƑANZAS DEL SIGLO
260 _aMEXICO :
_bDIANA,
_c1991
300 _a188
_c13.5 x 1 x 20.9
650 1 4 _aECONOMIA
_xMARXISMO
_xSOCIALISMO
999 _c6364
_d6364